Smallest Ceremonial counties of England - Statistics

General Stats
  • This quiz has been taken 30 times
  • The average score is 5 of 12
Answer Stats
Position Answer % Correct
Smallest Rutland
96%
6 Berkshire
61%
4 Bedfordshire
52%
11 Westmorland
52%
10 Surrey
48%
7 Buckinghamshire
30%
2 Middlesex
30%
9 Oxfordshire
30%
5 Hertfordshire
26%
12 Leicestershire
22%
8 Worcestershire
22%
3 Huntingdonshire
13%
No matching quizzes found
Score Distribution
Percent of People with Each Score
Percentile by Number Answered
Your Score History
You have not taken this quiz